000 00543nam a2200169Ia 4500
005 20250508155445.0
008 008 250505s9999 xx 000 0 eng d
037 _aTextual
040 _aFEDL
_beng
_cFEDL
041 _aeng
_2eng
084 _a379, NIG
_qFEDL
245 0 _aInvestment in education: The report of the commission on post-school certificate and higer education in Nigeria
260 _aNigeria
_bFederal Ministry of Education
_c1960
300 _av,139p.
942 _cTEXL
_h379, NIG
999 _c1357043
_d1357043